Анализ низкотемпературных свойств биодизельных топлив, полученных при различных параметрах синтеза; Проблемы геологии и освоения недр; Т. 2

Bibliographische Detailangaben
Parent link:Проблемы геологии и освоения недр=Problems of Geology and Subsurface Development: труды XXIV Международного симпозиума имени академика М. А. Усова студентов и молодых учёных, посвященного 75-летию Победы в Великой Отечественной войне, Томск, 6-10 апреля 2020 г./ Национальный исследовательский Томский политехнический университет, Инженерная школа природных ресурсов ; гл. ред. А. С. Боев ; под ред. Е. Ю. Пасечник.— , 2020
Т. 2.— 2020.— [С. 321-322]
1. Verfasser: Торчакова О. М.
Körperschaft: Национальный исследовательский Томский политехнический университет Инженерная школа природных ресурсов Отделение химической инженерии
Weitere Verfasser: Белозерцева Н. Е. (научный руководитель)
Zusammenfassung:Заглавие с экрана
Sprache:Russisch
Veröffentlicht: 2020
Schriftenreihe:Современные технологии подготовки и переработки природных ресурсов
Химическая технология подготовки и переработки горючих ископаемых
Schlagworte:
Online-Zugang:http://earchive.tpu.ru/handle/11683/62745
Format: MixedMaterials Elektronisch Buchkapitel
KOHA link:https://koha.lib.tpu.ru/cgi-bin/koha/opac-detail.pl?biblionumber=631616

MARC

LEADER 00000naa2a2200000 4500
001 631616
005 20231101133654.0
035 |a (RuTPU)RU\TPU\conf\33317 
035 |a RU\TPU\conf\33312 
090 |a 631616 
100 |a 20200911d2020 k y0rusy50 ca 
101 0 |a rus 
102 |a RU 
105 |a y z 100zy 
135 |a drgn ---uucaa 
181 0 |a i  
182 0 |a b 
200 1 |a Анализ низкотемпературных свойств биодизельных топлив, полученных при различных параметрах синтеза  |f О. М. Торчакова, Н. Е. Белозерцева  |g науч. рук. Н. Е. Белозерцева 
203 |a Текст  |c электронный 
225 1 |a Современные технологии подготовки и переработки природных ресурсов 
225 1 |a Химическая технология подготовки и переработки горючих ископаемых 
230 |a 1 компьютерный файл (pdf; 629 Kb) 
300 |a Заглавие с экрана 
320 |a [Библиогр.: с. 322 (3 назв.)] 
461 1 |0 (RuTPU)RU\TPU\conf\32983  |t Проблемы геологии и освоения недр  |l Problems of Geology and Subsurface Development  |o труды XXIV Международного симпозиума имени академика М. А. Усова студентов и молодых учёных, посвященного 75-летию Победы в Великой Отечественной войне, Томск, 6-10 апреля 2020 г.  |o в 2 т.  |f Национальный исследовательский Томский политехнический университет, Инженерная школа природных ресурсов ; гл. ред. А. С. Боев ; под ред. Е. Ю. Пасечник  |d 2020 
463 1 |0 (RuTPU)RU\TPU\conf\32985  |t Т. 2  |v [С. 321-322]  |d 2020 
610 1 |a труды учёных ТПУ 
610 1 |a электронный ресурс 
610 1 |a низкотемпературные свойства 
610 1 |a биодизельное топливо 
610 1 |a синтез 
610 1 |a альтернативные источники 
610 1 |a подсолнечное масло 
610 1 |a катализаторы 
700 1 |a Торчакова  |b О. М. 
701 1 |a Белозерцева  |b Н. Е. 
702 1 |a Белозерцева  |b Н. Е.  |4 727 
712 0 2 |a Национальный исследовательский Томский политехнический университет  |b Инженерная школа природных ресурсов  |b Отделение химической инженерии  |h 8085  |2 stltpush  |3 (RuTPU)RU\TPU\col\23513 
801 2 |a RU  |b 63413507  |c 20200925  |g RCR 
856 4 |u http://earchive.tpu.ru/handle/11683/62745 
942 |c BK